000 00309nam a22001337a 4500
008 170622b xxu||||| |||| 00| 0 eng d
020 _a08018169955
041 _aeng
080 _a32
100 _a21
101 _aSHP
245 _aLATIN AMERICAN FOREIGN POLICIES AN ANALYSIS
_cDAVIS,H.E
942 _2udc
_cBK
999 _c18666
_d18666